| 000 | 00689nam a2200205Ia 4500 | ||
|---|---|---|---|
| 003 | GCL | ||
| 005 | 20240530101808.0 | ||
| 008 | 140319s9999 xx 000 0 ara d | ||
| 040 |
_aGCL / _cGCL |
||
| 082 | 0 | 4 |
_a370.15 _bد س |
| 100 | 1 | _aدولينسكى، ريتشارد | |
| 245 | 1 | 0 |
_aسيكولوجية التعلم البشرى / _cردزشارد دولينسكى ؛ ترجمة رالف رزق الله |
| 260 |
_a[S.N] : _bالمؤسسة الحديثة للكتاب ، _c1987 |
||
| 300 | _a112 ص | ||
| 650 | 0 | 4 | _aالتعليم |
| 650 | 0 | 4 | _aالتربية |
| 650 | 0 | 4 | _aعلم النفس التربوى |
| 700 | 1 |
_aرالف رزق الله _eمترجم |
|
| 942 |
_2ddc _cBK |
||
| 999 |
_c27756 _d27756 |
||